| 000 | 00360nam a22001457a 4500 | ||
|---|---|---|---|
| 003 | OSt | ||
| 005 | 20160727222446.0 | ||
| 008 | 160704b xxu||||| |||| 00| 0 eng d | ||
| 040 | _cTEST | ||
| 100 |
_91936 _a Downe, A.M |
||
| 245 | _aThe High Hills Calling | ||
| 260 |
_aChicago _b Peoples Book Club _c1995 |
||
| 300 | _aThe High Hills Calling | ||
| 942 |
_2ddc _cBK |
||
| 999 |
_c1637 _d1637 |
||